| 000 | 00706nam a22002057a 4500 | ||
|---|---|---|---|
| 005 | 20241108100401.0 | ||
| 008 | 241004b |||||||| |||| 00| 0 eng d | ||
| 020 | _a9780231214438 | ||
| 082 | _aDC 361.32 R23 2024 | ||
| 100 |
_aReamer, Frederic G. _962258 |
||
| 245 |
_aSocial work values and ethics / _cFrederic G. Reamer. |
||
| 250 | _asixth edition. | ||
| 260 |
_aNew York : _bColumbia University Press, _c©2024. |
||
| 300 |
_axii, 317 pages : _billustrations ; _c22 cm. |
||
| 500 | _aIncludes bibliography and index. | ||
| 650 | 0 |
_aSocial work _xMoral and ethical aspects. _963782 |
|
| 650 | 0 |
_aSocial workers _xProfessional ethics. _963784 |
|
| 650 | 0 |
_aSocial work. _963785 |
|
| 942 |
_2ddc _cDC |
||
| 999 |
_c22221 _d22221 |
||